| 000 | 00336nam a22001457a 4500 | ||
|---|---|---|---|
| 003 | OSt | ||
| 005 | 20220127143749.0 | ||
| 008 | 220127b |||||||| |||| 00| 0 eng d | ||
| 020 | _a0195685687 | ||
| 040 | _cHU | ||
| 082 |
_22nd _a620.3 _b1 |
||
| 100 |
_aTongue Benson _928901 |
||
| 245 | _aPrinciples Of Vibration | ||
| 942 |
_2ddc _cBOOKS _n0 |
||
| 999 |
_c28189 _d28189 |
||